El conocimiento perdido de la imaginación.

Spremljeno u:
Bibliografski detalji
Glavni autor: Lachman, Gary (autor)
Daljnji autori: Margelí, Isabel (traducción)
Format: Nepoznato
Jezik:engleski
Izdano: Girona, España: Atalanta, 2020.
Serija:Imaginatio Vera
Teme:
Oznake: Dodaj oznaku
Bez oznaka, Budi prvi tko označuje ovaj zapis!

MARC

LEADER 00000 a2200000 4500
003 CL-VaPUC
005 20240502122628.0
008 240425t2020 ||||| |||| 00| 0 eng d
999 |c 443520  |d 443518 
020 |a 9788412074338 
040 |c Pontificia Universidad Católica de Valparaíso 
082 0 4 |2 22  |a 128.3 LAC 2020 
100 1 |a Lachman, Gary  |e autor  |9 888623 
245 1 3 |a El conocimiento perdido de la imaginación. 
260 |a Girona, España:  |b Atalanta,  |c 2020. 
300 |a 225 páginas 
490 0 |a Imaginatio Vera  |n ; 135 
583 |k GC  |c 20240425 
650 1 |a Imaginación (Filosofía)  |9 883531 
650 1 |a Epistemología  |x Historia  |9 888624 
700 |a Margelí, Isabel  |e traducción  |9 888625 
942 |2 ddc  |c BK 
952 |0 0  |1 0  |2 ddc  |4 0  |6 128_300000000000000_LAC_2020  |7 0  |8 A  |9 594095  |a BIBART  |b BIBART  |d 2024-04-17  |e 135  |g 37900.00  |i 5660733  |o 128.3 LAC 2020  |p 5660733  |r 2025-03-13  |t 1  |v 37900.00  |w 2024-04-17  |y BK  |k ART